Normal view
MARC view
Entry Personal Name
001 - CONTROL NUMBER
- control field: 54731
003 - CONTROL NUMBER IDENTIFIER
- control field: dpl
005 - DATE AND TIME OF LATEST TRANSACTION
- control field: 20130112155732.0
008 - FIXED-LENGTH DATA ELEMENTS
- fixed length control field: 130112|||a|||||| | ||| d
040 ## - CATALOGING SOURCE
- Original cataloging agency: dpl
- Transcribing agency: dpl
100 ## - HEADING--PERSONAL NAME
- Personal name: Purnendu Kumar
670 ## - SOURCE DATA FOUND
- Source citation: Work cat.: (dpl): C T E T : Central Teacher Eligibility Test, na
670 ## - SOURCE DATA FOUND
- Source citation: Work cat.: (dpl): C T E T : Central Teacher Eligibility Test, na
